[Event "Biel HTO 56th"]
[Site "Biel"]
[Date "2023.07.25"]
[Round "8"]
[White "Kamber, Bruno"]
[Black "Pham, Le Thao Nguyen"]
[Result "0-1"]
[WhiteElo "2214"]
[BlackElo "2369"]
[PlyCount "84"]
[EventDate "2023.07.17"]
[EventType "swiss"]
[EventRounds "10"]
[EventCountry "SUI"]
[SourceTitle "CBM 215 Extra"]
[Source "ChessBase"]
[SourceDate "2023.09.30"]
[SourceVersion "1"]
[SourceVersionDate "2023.09.30"]
[SourceQuality "1"]

1. e4 c6 2. d4 d5 3. e5 Bf5 4. Nf3 e6 5. Be2 Nd7 6. c3 h6 7. 0-0 Ne7 8. Na3 a6 9. Nc2 Nc8 10. a4 c5 11. dxc5 Bxc5 12. b4 Be7 13. Ncd4 Bh7 14. Nxe6 fxe6 15. Nd4 Nf8 16. Bh5+ g6 17. Bxh6 Bg8 18. Bxf8 Rxh5 19. g4 Rh7 20. Bxe7 Qxe7 21. f4 Nb6 22. Nf3 Nc4 23. Qd3 Bf7 24. Ng5 Rh4 25. Qg3 Rh6 26. h4 0-0-0 27. Rf2 Rdh8 28. Rh2 Be8 29. Nf3 Kb8 30. Qf2 Bd7 31. Kg2 Rf8 32. Kg3 Rh7 33. Ng5 Rhh8 34. Qc2 Qg7 35. Qe2 Rc8 36. Nf3 Nb6 37. a5 Na4 38. Rc1 Nxc3 39. Qe3 Ne4+ 40. Kh3 Qe7 41. Rhh1 Qxb4 42. Rb1 Rc3 0-1

[Event "Biel HTO 56th"]
[Site "Biel"]
[Date "2023.07.23"]
[Round "6"]
[White "Kamber, Bruno"]
[Black "Huang, Qian"]
[Result "0-1"]
[WhiteElo "2214"]
[BlackElo "2422"]
[PlyCount "116"]
[EventDate "2023.07.17"]
[EventType "swiss"]
[EventRounds "10"]
[EventCountry "SUI"]
[SourceTitle "CBM 215 Extra"]
[Source "ChessBase"]
[SourceDate "2023.09.30"]
[SourceVersion "1"]
[SourceVersionDate "2023.09.30"]
[SourceQuality "1"]

1. e4 c5 2. Nf3 Nc6 3. Bb5 e6 4. Bxc6 bxc6 5. d3 Qc7 6. Qe2 Ne7 7. h4 e5 8. h5 d6 9. Nbd2 h6 10. Nc4 Be6 11. Bd2 Nc8 12. Nh4 Nb6 13. f4 Nxc4 14. dxc4 exf4 15. Bxf4 Be7 16. Nf5 Bxf5 17. exf5 0-0-0 18. 0-0-0 Bf6 19. Rh3 Rhe8 20. Qf3 Kb7 21. Qa3 Re4 22. Rb3+ Ka8 23. g3 Rxc4 24. Qa6 Rd4 25. Rxd4 Bxd4 26. a4 f6 27. a5 Be5 28. Bd2 Qc8 29. Qf1 d5 30. c4 Qa6 31. Rf3 Qxc4+ 32. Qxc4 dxc4 33. Bf4 Bxf4+ 34. Rxf4 Rd4 35. Rf3 Kb7 36. Kc2 Ka6 37. Re3 Rd3 38. Re6 Rxg3 39. Rxc6+ Kb5 40. Rc7 a6 41. Rb7+ Kxa5 42. Rb8 Rh3 43. Rb7 Rxh5 44. Rxg7 Rxf5 45. Kc3 Kb6 46. Kxc4 Kc6 47. Ra7 Rf4+ 48. Kc3 h5 49. Rxa6+ Kd5 50. Ra8 Rf3+ 51. Kc2 h4 52. Rh8 h3 53. b3 f5 54. Rh4 f4 55. Kd2 Ke4 56. Rh5 Rxb3 57. Rxc5 Kf3 58. Rh5 Kg2 0-1

[Event "Bern op"]
[Site "Bern"]
[Date "2023.05.21"]
[Round "7"]
[White "Ramseyer, Nicola"]
[Black "Kamber, Bruno"]
[Result "0-1"]
[WhiteElo "2081"]
[BlackElo "2218"]
[PlyCount "112"]
[EventDate "2023.05.18"]
[EventType "swiss"]
[EventRounds "7"]
[EventCountry "SUI"]
[SourceTitle "CBM 214 Extra"]
[Source "ChessBase"]
[SourceDate "2023.07.31"]
[SourceVersion "1"]
[SourceVersionDate "2023.07.31"]
[SourceQuality "1"]

1. e4 Nc6 2. Nf3 g6 3. d4 Bg7 4. Nc3 d6 5. d5 Ne5 6. h3 c5 7. Bf4 Nxf3+ 8. Qxf3 a6 9. g4 b5 10. Bg2 b4 11. Nd1 a5 12. 0-0 Bb7 13. Re1 Nf6 14. Ne3 Nd7 15. Rab1 0-0 16. Qg3 Ne5 17. g5 e6 18. Ng4 Nxg4 19. hxg4 e5 20. Bd2 f6 21. gxf6 Bxf6 22. g5 Be7 23. f4 exf4 24. Bxf4 Rxf4 25. Qxf4 Bxg5 26. Qf3 Bf6 27. a3 Bd4+ 28. Kh1 Bc8 29. Bh3 Qh4 30. Kg2 Qg5+ 31. Kh1 Qh4 32. Kg2 Qg5+ 33. Kh1 Qh6 34. Kg2 Bxh3+ 35. Qxh3 Qg5+ 36. Kh1 Rf8 37. Rf1 Bf2 38. Qe6+ Kg7 39. Qxd6 Rf4 40. Rxf2 Rxf2 41. Qd7+ Rf7 42. Qh3 Qe7 43. Qg4 h5 44. d6 Qe5 45. Qg2 Rf4 46. d7 Rh4+ 47. Kg1 Qd4+ 48. Qf2 Rg4+ 49. Kf1 Rxe4 50. Qxd4+ Rxd4 51. Re1 Kf6 52. Re8 Rxd7 53. Ra8 Rd2 54. c3 Rxb2 55. Rxa5 b3 56. Rxc5 Rc2 0-1

[Event "Bern op"]
[Site "Bern"]
[Date "2023.05.19"]
[Round "3"]
[White "Malli, Suvirr"]
[Black "Kamber, Bruno"]
[Result "1-0"]
[WhiteElo "2114"]
[BlackElo "2218"]
[PlyCount "83"]
[EventDate "2023.05.18"]
[EventType "swiss"]
[EventRounds "7"]
[EventCountry "SUI"]
[SourceTitle "CBM 214 Extra"]
[Source "ChessBase"]
[SourceDate "2023.07.31"]
[SourceVersion "1"]
[SourceVersionDate "2023.07.31"]
[SourceQuality "1"]

1. e4 c5 2. Nf3 e6 3. d4 cxd4 4. Nxd4 Nc6 5. Nc3 Qc7 6. Be3 a6 7. a3 b5 8. Be2 Bb7 9. 0-0 Nf6 10. Nxc6 Bxc6 11. Qd3 Be7 12. f4 0-0 13. Bf3 d6 14. Rae1 Rad8 15. Ne2 e5 16. Nc3 d5 17. Nxd5 Bxd5 18. exd5 exf4 19. Bxf4 Bc5+ 20. Be3 h5 21. Kh1 Bxe3 22. Rxe3 Rd6 23. Rfe1 Rfd8 24. c3 Qb6 25. Bxh5 Rxd5 26. Bxf7+ Kf8 27. Bxd5 Rxd5 28. Re8+ Nxe8 29. Qxd5 Nf6 30. Qd4 Qc7 31. Rd1 Kf7 32. Qd6 Qc4 33. Re1 Qh4 34. Re7+ Kg8 35. Qe6+ Kh8 36. Qh3 Qxh3 37. gxh3 Nd5 38. Ra7 Ne3 39. Rxa6 Nd1 40. Rb6 Nxb2 41. Rxb5 Na4 42. c4 1-0

[Event "Bern op"]
[Site "Bern"]
[Date "2023.05.18"]
[Round "1"]
[White "Coletta, Stephane"]
[Black "Kamber, Bruno"]
[Result "0-1"]
[WhiteElo "1863"]
[BlackElo "2218"]
[PlyCount "56"]
[EventDate "2023.05.18"]
[EventType "swiss"]
[EventRounds "7"]
[EventCountry "SUI"]
[SourceTitle "CBM 214 Extra"]
[Source "ChessBase"]
[SourceDate "2023.07.31"]
[SourceVersion "1"]
[SourceVersionDate "2023.07.31"]
[SourceQuality "1"]

1. d4 g6 2. c4 Bg7 3. Nf3 d6 4. g3 Nf6 5. Nc3 0-0 6. Bg2 Nbd7 7. 0-0 e5 8. e4 exd4 9. Nxd4 Re8 10. Re1 Nc5 11. h3 a5 12. Qc2 c6 13. Be3 a4 14. Rad1 Qa5 15. Bf4 Rd8 16. Nf3 a3 17. b3 Nfd7 18. Bd2 Qc7 19. Be3 Re8 20. Bd4 Bf8 21. Nh2 Ne6 22. Be3 Nf6 23. f4 d5 24. exd5 cxd5 25. Nxd5 Nxd5 26. Bxd5 Ng7 27. Bg2 Rxe3 28. Rxe3 Bc5 0-1

[Event "Bern op"]
[Site "Bern"]
[Date "2023.05.18"]
[Round "2"]
[White "Kamber, Bruno"]
[Black "Roth, Martin"]
[Result "1-0"]
[WhiteElo "2218"]
[BlackElo "1995"]
[PlyCount "85"]
[EventDate "2023.05.18"]
[EventType "swiss"]
[EventRounds "7"]
[EventCountry "SUI"]
[SourceTitle "CBM 214 Extra"]
[Source "ChessBase"]
[SourceDate "2023.07.31"]
[SourceVersion "1"]
[SourceVersionDate "2023.07.31"]
[SourceQuality "1"]

1. e4 c5 2. Nf3 a6 3. c4 Nc6 4. d4 cxd4 5. Nxd4 Nf6 6. Nc3 e5 7. Nf5 d6 8. Bd3 h6 9. 0-0 g6 10. Ne3 Bg7 11. Ned5 0-0 12. Be3 Ng4 13. Bb6 Qh4 14. h3 Nf6 15. Re1 Be6 16. Bf1 Ne8 17. g3 Qg5 18. h4 Qg4 19. Be2 Qh3 20. Ne3 Bc8 21. Bf1 Qe6 22. Bg2 Nd4 23. Ne2 Nxe2+ 24. Rxe2 Bd7 25. Rd2 Bc6 26. c5 Kh7 27. cxd6 Nf6 28. Qb1 Rfc8 29. Kh2 h5 30. Bh3 Ng4+ 31. Kg1 Bh6 32. f3 Qf6 33. fxg4 Qf3 34. Qe1 Qxe4 35. Bg2 Qb4 36. g5 Qxb6 37. gxh6 Bxg2 38. Kxg2 Rd8 39. Rad1 Rd7 40. Qf2 f5 41. Qf3 Rf8 42. Nc4 Qc5 43. Qd5 1-0

[Event "Biel HTO 55th"]
[Site "Biel"]
[Date "2022.07.22"]
[Round "9"]
[White "Kamber, Bruno"]
[Black "Foerster Yialamas, Lucas"]
[Result "1/2-1/2"]
[WhiteElo "2225"]
[BlackElo "2147"]
[PlyCount "88"]
[EventDate "2022.07.13"]
[EventType "swiss"]
[EventRounds "9"]
[EventCountry "SUI"]
[SourceTitle "CBM 209 Extra"]
[Source "ChessBase"]
[SourceDate "2022.09.30"]
[SourceVersion "1"]
[SourceVersionDate "2022.09.30"]
[SourceQuality "1"]

1. e4 e5 2. Nf3 Nf6 3. d4 Nxe4 4. Bd3 d5 5. Nxe5 Nd7 6. Nxd7 Bxd7 7. Qe2 Qe7 8. Nd2 Nxd2 9. Qxe7+ Bxe7 10. Bxd2 Bf6 11. c3 0-0 12. 0-0-0 a5 13. h4 b5 14. Bg5 Bxg5+ 15. hxg5 g6 16. Rde1 Rfe8 17. Kd2 c6 18. Rxe8+ Rxe8 19. a4 bxa4 20. Ra1 Rb8 21. Kc1 c5 22. dxc5 Rc8 23. Bc2 Rxc5 24. Bxa4 Bxa4 25. Rxa4 d4 26. Rxd4 Rxg5 27. g3 Rf5 28. f4 g5 29. fxg5 Rxg5 30. g4 Kg7 31. b4 axb4 32. cxb4 f5 33. gxf5 Rxf5 34. Kc2 Kg6 35. Kd3 h5 36. Kc4 Kg5 37. b5 h4 38. b6 Rf8 39. Kb5 h3 40. Rd2 Kg4 41. b7 Kg3 42. Rd7 h2 43. Rg7+ Kf2 44. Rh7 Kg1 1/2-1/2

[Event "SUI-ch TP1"]
[Site "Payerne"]
[Date "2022.05.26"]
[Round "2"]
[White "Kamber, Bruno"]
[Black "Pellicoro, Fabian"]
[Result "1/2-1/2"]
[WhiteElo "2225"]
[BlackElo "1899"]
[PlyCount "62"]
[EventDate "2022.05.26"]
[EventType "swiss"]
[EventRounds "7"]
[EventCountry "SUI"]
[SourceTitle "CBM 208 Extra"]
[Source "ChessBase"]
[SourceDate "2022.07.31"]
[SourceVersion "1"]
[SourceVersionDate "2022.07.31"]
[SourceQuality "1"]

1. e4 d6 2. Nf3 Nf6 3. Nc3 e5 4. d4 Nbd7 5. Bc4 Be7 6. 0-0 0-0 7. a4 a5 8. Re1 c6 9. h3 exd4 10. Qxd4 Nb6 11. Bf1 d5 12. exd5 Nbxd5 13. Nxd5 Nxd5 14. Qe4 Bf6 15. c3 g6 16. Bh6 Bf5 17. Qe2 Re8 18. Qd2 Qd7 19. Nd4 Rad8 20. Bg5 Bxg5 21. Qxg5 Be6 22. Qh6 Nf6 23. Re5 Bd5 24. Rae1 Rxe5 25. Rxe5 Re8 26. Qe3 Rxe5 27. Qxe5 Kg7 28. c4 Be4 29. f3 Bb1 30. g4 Qe8 31. f4 Qxe5 1/2-1/2

[Event "Biel HTO 54th"]
[Site "Biel"]
[Date "2021.07.30"]
[Round "5"]
[White "Heer, Stephan"]
[Black "Kamber, Bruno"]
[Result "1/2-1/2"]
[WhiteElo "2063"]
[BlackElo "2275"]
[PlyCount "103"]
[EventDate "2021.07.26"]
[EventType "swiss"]
[EventRounds "9"]
[EventCountry "SUI"]
[SourceTitle "CBM 203 Extra"]
[Source "ChessBase"]
[SourceDate "2021.09.30"]
[SourceVersion "1"]
[SourceVersionDate "2021.09.30"]
[SourceQuality "1"]

1. e4 c5 2. Nf3 Nc6 3. d3 d5 4. Nbd2 e5 5. g3 Nge7 6. Bg2 f6 7. c3 d4 8. Qc2 Be6 9. a3 Ng6 10. Rb1 Rc8 11. 0-0 Be7 12. c4 0-0 13. Re1 Kh8 14. h4 Rf7 15. h5 Nf8 16. Nh2 Qd7 17. f4 g6 18. h6 Bd6 19. Ndf3 Qc7 20. Qd2 Nd7 21. b4 Bf8 22. b5 Ne7 23. fxe5 Nxe5 24. Nxe5 Qxe5 25. Qf4 Qxf4 26. gxf4 Ng8 27. f5 gxf5 28. b6 axb6 29. e5 fxe5 30. Rxb6 Bd7 31. Bd5 Rf6 32. Rxb7 Rg6+ 33. Kf1 Bc6 34. Bxc6 Rgxc6 35. Rxe5 Bd6 36. Re2 Bc7 37. Nf3 Nxh6 38. Ne5 Bxe5 39. Rxe5 Ng4 40. Rxf5 h6 41. Rff7 Rg6 42. Bf4 Kg8 43. Ke2 Re8+ 44. Kf3 Ne5+ 45. Bxe5 Rxe5 46. Rbe7 Rh5 47. Ke4 Rg4+ 48. Rf4 Rg3 49. Re8+ Kg7 50. Re7+ Kg6 51. Re6+ Kg7 52. Re7+ 1/2-1/2

[Event "Biel HTO 53rd"]
[Site "Biel"]
[Date "2020.07.23"]
[Round "4"]
[White "Rohrer, Christophe"]
[Black "Kamber, Bruno"]
[Result "1-0"]
[WhiteElo "2235"]
[BlackElo "2290"]
[PlyCount "163"]
[EventDate "2020.07.20"]
[EventType "swiss"]
[EventRounds "9"]
[EventCountry "SUI"]
[SourceTitle "CBM 197"]
[Source "ChessBase"]
[SourceDate "2020.07.27"]
[SourceVersion "1"]
[SourceVersionDate "2020.07.27"]
[SourceQuality "1"]

1. e4 g6 2. d4 Bg7 3. Nc3 Nc6 4. Nf3 d6 5. d5 Nb8 6. h3 c6 7. Bd3 Nf6 8. 0-0 0-0 9. Re1 Nbd7 10. Bg5 Nc5 11. Bf1 e5 12. b4 Ncd7 13. dxc6 Nb6 14. Nb5 d5 15. Nxe5 dxe4 16. Qxd8 Rxd8 17. Nc7 Rb8 18. Rad1 Rf8 19. Bxf6 Bxf6 20. Nd7 Bxd7 21. cxd7 Rbd8 22. Rxe4 Nxd7 23. Nd5 Bg7 24. Re7 Nf6 25. c4 Nxd5 26. cxd5 Rb8 27. d6 Bf6 28. Rc7 Bd8 29. Rd7 a5 30. b5 Bb6 31. Bc4 Bc5 32. Rc7 Bb6 33. Rd7 Bc5 34. Rc7 Bb6 35. Re7 Bd8 36. Re4 Rc8 37. Bd5 Rc2 38. d7 Bb6 39. Rf4 Kg7 40. a4 Bc7 41. Rc4 Rxc4 42. Bxc4 Rd8 43. b6 Bxb6 44. Bb5 Bc5 45. Re1 Kf6 46. Re8 Be7 47. g4 h5 48. g5+ Ke6 49. f4 Rxd7 50. Bxd7+ Kxd7 51. Ra8 Bd6 52. Rxa5 Bxf4 53. Kg2 Bc7 54. Rb5 b6 55. Kf3 Bd8 56. Ke4 h4 57. Kf4 f5 58. gxf6 Ke6 59. Kg5 Kf7 60. Kxh4 Bxf6+ 61. Kg4 Bd4 62. Rd5 Be3 63. Rd6 Bc5 64. Rc6 Be3 65. Kf3 Bg1 66. Rc1 Bh2 67. Ke4 Kg7 68. Rb1 Bc7 69. Kd5 Bd8 70. Ke6 Kh6 71. Kd7 Bh4 72. Rxb6 Bg3 73. Rb3 Be1 74. Re3 Bd2 75. Rd3 Be1 76. Kc6 Kh5 77. a5 Bf2 78. a6 Kh4 79. Kb7 Bg3 80. a7 Kxh3 81. a8Q g5 82. Qa3 1-0

[Event "Biel MTO op 52nd"]
[Site "Biel"]
[Date "2019.07.24"]
[Round "3"]
[White "Epishin, Vladimir"]
[Black "Kamber, Bruno"]
[Result "1/2-1/2"]
[WhiteElo "2549"]
[BlackElo "2299"]
[PlyCount "103"]
[EventDate "2019.07.22"]
[EventType "swiss"]
[EventRounds "9"]
[EventCountry "SUI"]
[SourceTitle "CBM 191 Extra"]
[Source "ChessBase"]
[SourceDate "2019.09.30"]
[SourceVersion "1"]
[SourceVersionDate "2019.09.30"]
[SourceQuality "1"]

1. d4 g6 2. e4 Bg7 3. Nf3 Nc6 4. Bc4 d6 5. 0-0 Nf6 6. d5 Nb8 7. e5 dxe5 8. Nxe5 0-0 9. Nc3 c6 10. dxc6 Nxc6 11. Qxd8 Nxd8 12. Rd1 Bf5 13. Bb3 Ne4 14. Nxe4 Bxe5 15. Nc5 Bd6 16. Be3 Rc8 17. Nd3 Nc6 18. c3 Rfd8 19. Bc2 Ne5 20. Nxe5 Bxc2 21. Rd2 Ba4 22. Rd4 Bc2 23. f4 f6 24. Nc4 Bc7 25. Rxd8+ Rxd8 26. g3 b6 27. Kf2 Kf7 28. Rc1 Be4 29. Nd2 Bf5 30. Nf3 Bg4 31. c4 h6 32. h4 Rd3 33. Ne1 Rd7 34. b4 Rd1 35. Rxd1 Bxd1 36. Nf3 Ke6 37. Nd4+ Kd7 38. Nb5 a6 39. Nc3 Bg4 40. b5 axb5 41. cxb5 Be6 42. a4 Bb3 43. Bd4 Bd6 44. Bxb6 Bb4 45. Bd4 Bxc3 46. Bxc3 Bxa4 47. b6 Bc6 48. g4 Ke6 49. Ke3 h5 50. gxh5 gxh5 51. Bb4 Bb7 52. Kd4 1/2-1/2

[Event "Biel MTO op 50th"]
[Site "Biel"]
[Date "2017.07.26"]
[Round "3"]
[White "Dragun, Kamil"]
[Black "Kamber, Bruno"]
[Result "1-0"]
[WhiteElo "2621"]
[BlackElo "2286"]
[PlyCount "63"]
[EventDate "2017.07.24"]
[EventType "swiss"]
[EventRounds "9"]
[EventCountry "SUI"]
[SourceTitle "CBM 179 Extra"]
[Source "ChessBase"]
[SourceDate "2017.08.23"]
[SourceVersion "1"]
[SourceVersionDate "2017.08.23"]
[SourceQuality "1"]

1. e4 g6 2. d4 Bg7 3. Nf3 d6 4. Bc4 c5 5. dxc5 Qa5+ 6. c3 Qxc5 7. Qb3 e6 8. Be3 Qc7 9. Na3 a6 10. 0-0-0 Nc6 11. Bb6 Qe7 12. Qa4 Nf6 13. Nb5 axb5 14. Qxa8 0-0 15. Bxb5 Nxe4 16. Qa3 Qf6 17. Bd3 d5 18. Be3 Re8 19. Bxe4 dxe4 20. Nd2 Qf5 21. Qa4 e5 22. Nxe4 Qg4 23. h3 Qxg2 24. Nd6 Rf8 25. Nxc8 Rxc8 26. Qg4 Qxg4 27. hxg4 e4 28. g5 Ne5 29. Rd5 f5 30. Rhd1 Nd3+ 31. R1xd3 exd3 32. Kd2 1-0

[Event "Biel MTO op 50th"]
[Site "Biel"]
[Date "2017.07.24"]
[Round "1"]
[White "Shankland, Samuel L"]
[Black "Kamber, Bruno"]
[Result "1-0"]
[WhiteElo "2671"]
[BlackElo "2286"]
[PlyCount "87"]
[EventDate "2017.07.24"]
[EventType "swiss"]
[EventRounds "9"]
[EventCountry "SUI"]
[SourceTitle "CBM 179 Extra"]
[Source "ChessBase"]
[SourceDate "2017.08.23"]
[SourceVersion "1"]
[SourceVersionDate "2017.08.23"]
[SourceQuality "1"]

1. e4 g6 2. d4 Bg7 3. Be3 c5 4. c3 Nf6 5. f3 d5 6. e5 Nfd7 7. f4 cxd4 8. cxd4 Nc6 9. Nf3 Nb6 10. Nc3 Bg4 11. Be2 Bxf3 12. Bxf3 e6 13. b3 Rc8 14. Qd3 a6 15. 0-0 Ne7 16. a4 Nf5 17. Bf2 0-0 18. Rac1 h5 19. g3 Nd7 20. Rc2 Nb8 21. Rfc1 Nc6 22. Na2 f6 23. b4 Ra8 24. Rxc6 bxc6 25. Rxc6 Qd7 26. Rxa6 Rac8 27. b5 Rc4 28. Bd1 fxe5 29. dxe5 Qc8 30. Bb3 Rd8 31. Rxe6 Rxa4 32. Rxg6 Ra3 33. Bxd5+ Kh7 34. Qxa3 Rxd5 35. Qf3 Rxb5 36. Rc6 Rb1+ 37. Kg2 Qb7 38. Qxh5+ Kg8 39. Qe8+ Bf8 40. Qe6+ Kh8 41. Qc8 Qf7 42. Rf6 Ne3+ 43. Bxe3 Qxa2+ 44. Kh3 1-0

[Event "Zuerich op-A 39th"]
[Site "Zuerich"]
[Date "2015.12.27"]
[Round "2"]
[White "Vorobiov, Evgeny E"]
[Black "Kamber, Bruno"]
[Result "1-0"]
[WhiteElo "2574"]
[BlackElo "2295"]
[PlyCount "71"]
[EventDate "2015.12.26"]
[EventType "swiss"]
[EventRounds "7"]
[EventCountry "SUI"]
[SourceTitle "CBM 170 Extra"]
[Source "ChessBase"]
[SourceDate "2016.02.25"]
[SourceVersion "1"]
[SourceVersionDate "2016.02.25"]
[SourceQuality "1"]

1. e4 c5 2. Nf3 d6 3. d4 Nf6 4. Nc3 cxd4 5. Nxd4 e5 6. Bb5+ Bd7 7. Bxd7+ Qxd7 8. Nde2 h6 9. Be3 Qc6 10. f3 Nbd7 11. Qd3 a6 12. 0-0-0 Be7 13. g4 b5 14. Ng3 g6 15. h4 Nc5 16. Bxc5 Qxc5 17. h5 Rc8 18. hxg6 fxg6 19. Kb1 Kf7 20. Qd2 Rh7 21. Nf1 Kg7 22. Ne3 Kh8 23. g5 hxg5 24. Rxh7+ Kxh7 25. Ncd5 Nxd5 26. Nxd5 Bf8 27. c3 Bg7 28. Rh1+ Kg8 29. Ne7+ Kf7 30. Nxc8 Qxc8 31. Qxd6 g4 32. Qd5+ Ke7 33. Rh7 Kf6 34. Qd6+ Qe6 35. Qxe6+ Kxe6 36. fxg4 1-0

[Event "Zuerich op-A 38th"]
[Site "Zuerich"]
[Date "2014.12.29"]
[Round "6"]
[White "Kaczmarczyk, Dennis"]
[Black "Kamber, Bruno"]
[Result "1-0"]
[WhiteElo "2408"]
[BlackElo "2258"]
[PlyCount "95"]
[EventDate "2014.12.26"]
[EventType "swiss"]
[EventRounds "7"]
[EventCountry "SUI"]
[SourceTitle "CBM 164 Extra"]
[Source "ChessBase"]
[SourceDate "2015.03.02"]
[SourceVersion "1"]
[SourceVersionDate "2015.03.02"]
[SourceQuality "1"]

1. d4 g6 2. c4 Bg7 3. Nc3 c5 4. d5 Bxc3+ 5. bxc3 f5 6. g3 Qa5 7. Qc2 Nf6 8. Bg2 d6 9. Nh3 Nbd7 10. 0-0 Nb6 11. Ng5 Qa4 12. Qxa4+ Nxa4 13. Re1 Bd7 14. e4 h6 15. e5 dxe5 16. Nf3 e4 17. Ne5 g5 18. f3 exf3 19. Bxf3 g4 20. Bg2 Nxc3 21. Bb2 Nce4 22. Nxd7 Kxd7 23. Bxe4 Nxe4 24. Bxh8 Rxh8 25. Rab1 b6 26. Re3 Nd2 27. Rc1 h5 28. Ra3 a5 29. Kf2 h4 30. Ke3 hxg3 31. Kxd2 Rxh2+ 32. Ke3 Rf2 33. Rb3 f4+ 34. Ke4 g2 35. Rbb1 f3 36. Kf4 Rxa2 37. Kg3 a4 38. Rxb6 Rc2 39. Rbb1 g1Q+ 40. Rxg1 Rxc4 41. Rbc1 Rd4 42. Rxc5 Kd6 43. Ra5 a3 44. Ra1 Rd3 45. R5xa3 Rxa3 46. Rxa3 Kxd5 47. Kxg4 f2 48. Rf3 1-0

[Event "Biel MTO op 46th"]
[Site "Biel"]
[Date "2013.07.30"]
[Round "8"]
[White "Cherniaev, Alexander"]
[Black "Kamber, Bruno"]
[Result "1-0"]
[WhiteElo "2447"]
[BlackElo "2283"]
[PlyCount "87"]
[EventDate "2013.07.22"]
[EventType "swiss"]
[EventRounds "11"]
[EventCountry "SUI"]
[SourceTitle "CBM 155 Extra"]
[Source "ChessBase"]
[SourceDate "2013.08.26"]
[SourceVersion "1"]
[SourceVersionDate "2013.08.26"]
[SourceQuality "1"]

1. c4 g6 2. Nf3 Bg7 3. d4 d6 4. g3 Nf6 5. Bg2 0-0 6. 0-0 c6 7. Nc3 Qa5 8. e4 Bg4 9. h3 Bxf3 10. Bxf3 Nbd7 11. Rb1 e5 12. d5 cxd5 13. cxd5 a6 14. b4 Qc7 15. Bd2 Rfc8 16. a4 h5 17. Rc1 Qd8 18. a5 Kh7 19. g4 hxg4 20. hxg4 Kg8 21. Kg2 Nh7 22. Rh1 Bf6 23. Ra1 Bg5 24. Be1 Nhf6 25. Qd3 Kg7 26. Be2 Qe7 27. f3 Rh8 28. Bf2 Rhc8 29. Na4 Ne8 30. b5 axb5 31. Qxb5 Rc2 32. Bd3 Rd2 33. Rhd1 Rxf2+ 34. Kxf2 Bf4 35. Rh1 Bd2 36. Kg2 Rxa5 37. Qxb7 Be3 38. Qb4 Ra7 39. Bb5 Bd4 40. Qd2 g5 41. Rac1 f6 42. Kg3 Kf7 43. Rh7+ Ng7 44. Qh2 1-0

[Event "Winterthur op 11th"]
[Site "Winterthur"]
[Date "2011.10.14"]
[Round "8"]
[White "Kamber, Bruno"]
[Black "Ulybin, Mikhail"]
[Result "0-1"]
[WhiteElo "2292"]
[BlackElo "2561"]
[PlyCount "60"]
[EventDate "2011.10.08"]
[EventType "swiss"]
[EventRounds "9"]
[EventCountry "SUI"]
[SourceTitle "CBM 144 Extra"]
[Source "ChessBase"]
[SourceDate "2011.10.28"]
[SourceVersion "1"]
[SourceVersionDate "2011.10.28"]
[SourceQuality "1"]

1. e4 e6 2. d3 d5 3. Nd2 c5 4. Ngf3 Nc6 5. g3 g6 6. Bg2 Bg7 7. 0-0 Nge7 8. Re1 0-0 9. h4 h6 10. e5 f6 11. exf6 Rxf6 12. Nb3 e5 13. Nh2 Qd6 14. Ng4 Bxg4 15. Qxg4 Raf8 16. Rf1 e4 17. dxe4 c4 18. Nd2 Qc5 19. Qe2 Rxf2 20. Rxf2 Rxf2 21. Qxf2 Bd4 22. Qxd4 Nxd4 23. Kh2 Nxc2 24. Rb1 Qf2 25. Kh3 Ne3 26. Bf3 d4 27. Nxc4 Nf1 28. Bf4 Qxf3 29. Nd2 Nxd2 30. Bxd2 Qd3 0-1

[Event "Winterthur op 11th"]
[Site "Winterthur"]
[Date "2011.10.12"]
[Round "5"]
[White "Gaehwiler, Gabriel"]
[Black "Kamber, Bruno"]
[Result "1/2-1/2"]
[WhiteElo "2205"]
[BlackElo "2292"]
[PlyCount "78"]
[EventDate "2011.10.08"]
[EventType "swiss"]
[EventRounds "9"]
[EventCountry "SUI"]
[SourceTitle "CBM 144 Extra"]
[Source "ChessBase"]
[SourceDate "2011.10.28"]
[SourceVersion "1"]
[SourceVersionDate "2011.10.28"]
[SourceQuality "1"]

1. d4 g6 2. e4 Bg7 3. Nc3 d6 4. h3 a6 5. a4 b6 6. g3 Bb7 7. Bg2 Nd7 8. Nge2 e6 9. Be3 Ne7 10. Qd2 h6 11. 0-0 d5 12. exd5 Nxd5 13. Nxd5 Bxd5 14. Bxd5 exd5 15. Nc3 Nf8 16. f4 f5 17. Qg2 c6 18. g4 Qf6 19. b4 Ne6 20. b5 axb5 21. axb5 Rxa1 22. Rxa1 0-0 23. bxc6 Nxf4 24. Nxd5 Nxg2 25. Nxf6+ Bxf6 26. Kxg2 Rc8 27. gxf5 gxf5 28. c4 Rxc6 29. Ra4 Re6 30. Kf3 Re4 31. d5 Bd4 32. Bxh6 Rh4 33. Bf4 Rxh3+ 34. Ke2 Rh4 35. Kf3 Rh3+ 36. Ke2 Rh4 37. Ra8+ Kf7 38. Kf3 Rh3+ 39. Ke2 Rh4 1/2-1/2

[Event "Winterthur op 10th"]
[Site "Winterthur"]
[Date "2010.10.13"]
[Round "5"]
[White "Gloor, Roger"]
[Black "Kamber, Bruno"]
[Result "1-0"]
[WhiteElo "2181"]
[BlackElo "2313"]
[PlyCount "55"]
[EventDate "2010.10.09"]
[EventType "swiss"]
[EventRounds "9"]
[EventCountry "SUI"]
[SourceTitle "CBM 138 Extra"]
[Source "ChessBase"]
[SourceDate "2010.10.29"]
[SourceVersion "1"]
[SourceVersionDate "2010.10.29"]
[SourceQuality "1"]

1. e4 c5 2. Nf3 e6 3. d4 cxd4 4. Nxd4 a6 5. Nc3 Nc6 6. Be3 Nf6 7. Bd3 Qc7 8. 0-0 Ne5 9. Nf3 Neg4 10. Bd2 Bd6 11. h3 h5 12. Qe2 b5 13. Rae1 Ne5 14. Nxe5 Bxe5 15. Nd5 exd5 16. exd5 d6 17. f4 Nd7 18. fxe5 Nxe5 19. Bc3 f6 20. Bxe5 dxe5 21. Bg6+ Ke7 22. Bxh5 Bb7 23. Qg4 Kd8 24. d6 Qc5+ 25. Rf2 Qc6 26. Qxg7 Rxh5 27. Qxf6+ Kc8 28. Qf8+ 1-0

[Event "Winterthur op 10th"]
[Site "Winterthur"]
[Date "2010.10.11"]
[Round "3"]
[White "Goebel, Constantin"]
[Black "Kamber, Bruno"]
[Result "0-1"]
[WhiteElo "2114"]
[BlackElo "2313"]
[PlyCount "68"]
[EventDate "2010.10.09"]
[EventType "swiss"]
[EventRounds "9"]
[EventCountry "SUI"]
[SourceTitle "CBM 138 Extra"]
[Source "ChessBase"]
[SourceDate "2010.10.29"]
[SourceVersion "1"]
[SourceVersionDate "2010.10.29"]
[SourceQuality "1"]

1. e4 c5 2. Nf3 e6 3. d4 cxd4 4. Nxd4 Nc6 5. Nc3 a6 6. Be3 Nf6 7. Be2 Bb4 8. Nxc6 bxc6 9. 0-0 Qc7 10. Bd3 d5 11. exd5 cxd5 12. Bd4 Bd6 13. Bxf6 gxf6 14. Qh5 Bb7 15. Rac1 Bf4 16. Rce1 0-0-0 17. Ne2 Be5 18. c3 Rhg8 19. Nd4 Rg5 20. Qh3 Rdg8 21. g3 h5 22. Nf3 Bxg3 23. fxg3 Rxg3+ 24. hxg3 Rxg3+ 25. Qg2 Qf4 26. Kh1 Rxg2 27. Kxg2 d4 28. Rf2 Qg4+ 29. Kf1 Bxf3 30. Rc1 h4 31. Bxa6+ Kb8 32. cxd4 h3 33. Rcc2 Bg2+ 34. Rxg2 Qd1+ 0-1